| 000 | 00339nam a22001457a 4500 | ||
|---|---|---|---|
| 020 | _qPB. | ||
| 040 | _cFIZZA ISHAQ | ||
| 082 | _a625.880 | ||
| 100 |
_aFLAHOETY, O' COLEMEN. _986080 |
||
| 245 |
_aHIGHWAYS / _cCOLEMEN O' FLAHOETY. |
||
| 250 | _a5th ED. | ||
| 260 |
_aNEW YORK : _bTHOMAS, _c2016. |
||
| 300 | _a585 P. ; | ||
| 942 |
_2ddc _cBK |
||
| 999 |
_c587237 _d587237 |
||